Pytania z oczywistą odpowiedzią - Statystyki

Ogólne statystyki
  • Ten quiz został rozwiązany 860 razy
  • Średni wynik to 9 z 10
Statystyki odpowiedzi
Wskazówka Odpowiedź % Poprawnych
Państwo, którego stolica leży w Mozambiku Mozambik
98%
Główny składnik zupy owocowej Owoce
94%
Co każdy robi podczas oddychania? Oddycha
93%
Czym wiadro wody jest wypełnione? Wodą
93%
Ile czasu trwa trzygodzinne posiedzenie izby niższej parlamentu? 3 godziny
92%
Na świadectwie z czerwonym paskiem Czerwony pasek
91%
Reżyser filmu Carlosa Saury pt. Nakarmić kruki Carlos Saura
85%
Co możesz łatwiej zrobić z listą zakupów? Zakupy
84%
Przedmiot niezbędny, aby zagrać w grę planszową Plansza
82%
Królestwo, do którego należy grzyb "rozłożek czerniejący" z rządu pleśniakowców Grzyby
80%
Nie znaleziono quizów pasujących do podanych kryteriów
Rozkład punktacji
Procent ludzi z każdym wynikiem
Percentyl według liczby udzielonych odpowiedzi
Twoja historia wyników
Nie rozwiązałeś tego quizu